Evangelio y paz: documento de trabajo del comité permanente del episcopado
Uloženo v:
| Médium: | Kniha |
|---|---|
| Jazyk: | španělština |
| Vydáno: |
Santiago
Mundo
1975
|
| Témata: | |
| Tagy: |
Přidat tag
Žádné tagy, Buďte první, kdo vytvoří štítek k tomuto záznamu!
|
MARC
| LEADER | 00000nam a2200000 a 4500 | ||
|---|---|---|---|
| 001 | UCL3961 | ||
| 003 | CL-VaPUC | ||
| 008 | 031219e19750000CL |||||||||||||||||spa|d | ||
| 082 | 0 | 4 | |a 261.873 |b EVA |2 21 |
| 245 | 1 | 0 | |a Evangelio y paz: documento de trabajo del comité permanente del episcopado |
| 300 | |a 35 p | ||
| 942 | |c BK | ||
| 945 | |d 20031219 00:00:00 |a vberengu | ||
| 260 | |a Santiago |b Mundo |c 1975 | ||
| 600 | 0 | |a Iglesia católica |9 255129 | |
| 650 | 7 | |a IGLESIA Y SOCIEDAD |2 CL-VaPUC |9 399674 | |
| 650 | 7 | |a PAZ - ASPECTOS RELIGIOSOS |2 CL-VaPUC |9 481404 | |
| 583 | |a last modification |c 20031219 00:00:00 |k Rodrigo Vera | ||
| 999 | |c 306925 |d 306923 | ||
| 952 | |0 0 |1 0 |4 0 |6 261_873000000000000_EVA_1975 |7 0 |8 A |9 372357 |a BIBTEO |b BIBTEO |d 2019-11-21 |i 2098059 |o 261.873 EVA 1975 |p 2098059 |r 2025-01-17 |w 2019-11-21 |y BK |k ICR | ||
| 952 | |0 0 |1 0 |4 0 |6 261_873000000000000_EVA_1975 |7 0 |8 A |9 372358 |a BIBTEO |b BIBTEO |d 2019-11-21 |i 2098067 |o 261.873 EVA 1975 |p 2098067 |r 2025-01-17 |w 2019-11-21 |y BK |k ICR | ||
| 952 | |0 0 |1 0 |4 0 |6 261_873000000000000_EVA_1975 |7 0 |8 X |9 372359 |a FDOBUD |b FDOBUD |d 2019-11-21 |i 4401182 |o 261.873 EVA 1975 |p 4401182 |r 2019-11-21 |w 2019-11-21 |y BK_X |k BUD | ||